| 000 | 00484nam a22001577a 4500 | ||
|---|---|---|---|
| 008 | 150408b xxu||||| |||| 00| 0 eng d | ||
| 020 | _a98474111 | ||
| 050 | _aLB1739.U58K73 | ||
| 100 |
_aUNISA _916957 |
||
| 245 |
_aKnowing the adolescent: _ban educative perspective _c/by UNISA |
||
| 260 |
_aPretoria _bUniversity of South Africa _c2009 |
||
| 300 |
_av,81p. ; _c30cm. |
||
| 650 |
_aTeacher training _xManuals _916958 |
||
| 650 |
_aAdolescents _916975 |
||
| 942 |
_2lcc _cMONOGRAPH |
||
| 999 |
_c122593 _d122593 |
||